[Event "Waikato Open 2016"]
[Site "Hamilton NZL"]
[Date "2016.07.31"]
[Round "5.1"]
[White "Hague, Ben"]
[Black "Ang, Alphaeus Wei Ern"]
[Result "0-1"]
[WhiteElo "2480"]
[BlackElo "2210"]
[PlyCount "86"]
[EventDate "2016.07.29"]

1. e4 d5 2. exd5 Qxd5 3. Nf3 Nf6 4. d4 c6 5. c4 Qa5+ 6. Nc3 Bg4 7. h3 Bh5 8.
Be2 e6 9. O-O Nbd7 10. Re1 O-O-O 11. Bd2 Qf5 12. Qa4 Bxf3 13. Bxf3 Kb8 14. Qb3
Nc5 15. dxc5 Rxd2 16. Bxc6 Qxf2+ 17. Kh1 Rxb2 18. Qd1 bxc6 19. Qd8+ Kb7 20. Re2
Rxe2 21. Nxe2 Bxc5 22. Qxh8 Qxe2 23. Qxg7 Ne4 24. Qxf7+ Ka6 25. Qc7 Bb6 26.
Qc8+ Ka5 27. Qxc6 Nf2+ 28. Kh2 Qe5+ 29. g3 Ne4 30. Qb5+ Qxb5 31. cxb5 Kxb5 32.
g4 Kc4 33. h4 h6 34. Kg2 Kd3 35. Rf1 Bd4 36. Rf7 e5 37. Rh7 Nf6 38. Rxh6 Nxg4
39. Ra6 e4 40. Ra3+ Kd2 41. Kg3 e3 42. Kxg4 e2 43. Ra4 Be3 0-1

[Event "Waikato Open 2016"]
[Site "Hamilton NZL"]
[Date "2016.07.31"]
[Round "5.2"]
[White "Dive, Russell J"]
[Black "Gong, Daniel Hanwen"]
[Result "0-1"]
[WhiteElo "2440"]
[BlackElo "2264"]
[PlyCount "68"]
[EventDate "2016.07.29"]

1. Nf3 Nf6 2. g3 g6 3. Bg2 Bg7 4. O-O O-O 5. c4 d6 6. Nc3 e5 7. d3 c6 8. Rb1 a5
9. a3 h6 10. b4 axb4 11. axb4 Be6 12. Qb3 Nbd7 13. Nd2 Qc7 14. Bb2 Nb6 15. Rfc1
Qd7 16. b5 c5 17. Nf1 h5 18. Ra1 h4 19. Rxa8 Rxa8 20. Ra1 Rxa1 21. Bxa1 hxg3
22. hxg3 Bh3 23. Bh1 Ng4 24. Nd2 f5 25. Nd5 Nxd5 26. Bxd5+ Kh7 27. Nf3 Bh6 28.
Qa2 Nf6 29. b6 Nxd5 30. cxd5 f4 31. Bc3 fxg3 32. fxg3 Be3+ 33. Kh2 Bf1 34. Ng1
Qf5 0-1

[Event "Waikato Open 2016"]
[Site "Hamilton NZL"]
[Date "2016.07.31"]
[Round "5.3"]
[White "Carbonnier, Arnaud"]
[Black "Russell, M K A."]
[Result "0-1"]
[WhiteElo "1736"]
[BlackElo "2214"]
[PlyCount "83"]
[EventDate "2016.07.29"]

1. d4 d5 2. c4 c6 3. Nc3 Nf6 4. Nf3 dxc4 5. a4 Bf5 6. e3 e6 7. Bxc4 Bb4 8. O-O
O-O 9. Qb3 Qe7 10. Na2 Bd6 11. Bd2 a5 12. Nc1 Nbd7 13. Bc3 Rfb8 14. h3 Ne4 15.
Be1 Qf6 16. Be2 Qh6 17. Nd3 Ndf6 18. Nfe5 Nd5 19. Bg4 Nxe3 20. Nxf7 Kxf7 21.
fxe3 Qxe3+ 22. Kh1 Kf6 23. Bh4+ g5 24. Rae1 Qxd4 25. Bf2 Qd5 26. Qd1 Kg7 27.
Bf3 Nxf2+ 28. Rxf2 Qd4 29. Rd2 Rd8 30. g4 Bxd3 31. Rxd3 Qf4 32. Re2 Bc5 33.
Rd7+ Kf6 34. Kg2 Bd6 35. Rxd6 Rxd6 36. Qb3 Qb4 37. Qc2 Kg7 38. Be4 Rf8 39. Bxh7
Rf6 40. Bd3 Qd4 41. Rd2 Qe3 42. Bf1 0-1

[Event "Waikato Open 2016"]
[Site "Hamilton NZL"]
[Date "2016.07.31"]
[Round "5.4"]
[White "Fan, Allen Chi Zhou"]
[Black "James, Jack"]
[Result "1/2-1/2"]
[WhiteElo "2053"]
[BlackElo "2118"]
[PlyCount "107"]
[EventDate "2016.07.29"]

1. Nf3 c6 2. g3 Nf6 3. Bg2 d5 4. O-O Nbd7 5. d3 e6 6. Nbd2 Be7 7. b3 O-O 8. Bb2
Qc7 9. c4 Re8 10. Rc1 Bf8 11. Re1 Qb6 12. d4 a5 13. e4 dxe4 14. Ng5 a4 15. c5
Qc7 16. Ngxe4 axb3 17. axb3 Rd8 18. Qf3 Ra2 19. Rc2 Nd5 20. Nc4 b5 21. cxb6
N7xb6 22. Nxb6 Qxb6 23. Ng5 Rd7 24. Bh3 Re7 25. Rce2 Qa5 26. Bc1 Rxe2 27. Qxe2
Qc3 28. Ba3 Ba6 29. Qd1 Re8 30. Bxf8 Kxf8 31. Nxh7+ Kg8 32. Ng5 Rb8 33. Nxf7
Kxf7 34. Qh5+ Kf8 35. Qh8+ Kf7 36. Bxe6+ Kg6 37. Bf5+ Kxf5 38. Re5+ Kf6 39.
Qh4+ Kf7 40. Qh5+ g6 41. Qh7+ Kf6 42. Qh4+ Kg7 43. Re7+ Nxe7 44. Qxe7+ Kh6 45.
Qh4+ Kg7 46. Qe7+ Kg8 47. Qe6+ Kf8 48. Qd6+ Kf7 49. Qd7+ Kf6 50. Qd6+ Kg7 51.
Qe7+ Kg8 52. Qe6+ Kh8 53. Qe5+ Kh7 54. Qe7+ 1/2-1/2

[Event "Waikato Open 2016"]
[Site "Hamilton NZL"]
[Date "2016.07.31"]
[Round "5.5"]
[White "Timergazi, Layla"]
[Black "Marko, Helmut S"]
[Result "1-0"]
[WhiteElo "2105"]
[BlackElo "2075"]
[PlyCount "77"]
[EventDate "2016.07.29"]

1. d4 g6 2. c4 Bg7 3. Nc3 c5 4. d5 d6 5. Qc2 e5 6. e4 Ne7 7. Bg5 f6 8. Bh4 Na6
9. a3 O-O 10. Bd3 Nc7 11. Nge2 Bd7 12. O-O g5 13. Bg3 Ng6 14. f3 b6 15. b4 Qe7
16. Bf2 Qf7 17. Be3 h6 18. g3 Qe7 19. Rab1 Rab8 20. f4 Qd8 21. bxc5 bxc5 22.
Rxb8 Qxb8 23. f5 Nh8 24. Rb1 Qa8 25. Qb3 Bc8 26. Nb5 Ne8 27. Nbc3 Nf7 28. Bd2
Nc7 29. Nb5 Qb7 30. Qa4 Nxb5 31. Rxb5 Qd7 32. Bc2 Re8 33. Rb8 Kf8 34. Qxd7 Bxd7
35. Rb7 Re7 36. Rxa7 Be8 37. Ra8 Rd7 38. Ba5 Ke7 39. Ba4 1-0

[Event "Waikato Open 2016"]
[Site "Hamilton NZL"]
[Date "2016.07.31"]
[Round "5.6"]
[White "Gibbons, Robert E"]
[Black "Dare, Richard J"]
[Result "0-1"]
[WhiteElo "2083"]
[BlackElo "1815"]
[PlyCount "80"]
[EventDate "2016.07.29"]

1. d4 d5 2. c4 e6 3. Nc3 f5 4. cxd5 exd5 5. Nf3 c6 6. Bg5 Be7 7. Bxe7 Qxe7 8.
Ne5 Nf6 9. f4 Nbd7 10. g3 O-O 11. Bg2 Nxe5 12. dxe5 Ng4 13. Qd4 g5 14. h3 Nh6
15. O-O-O Be6 16. Kb1 Nf7 17. h4 g4 18. Rd2 Nd8 19. Rc1 Bf7 20. e3 h5 21. Na4
Ne6 22. Qc3 Rfd8 23. Nc5 Nxc5 24. Qxc5 Qxc5 25. Rxc5 Kf8 26. b4 a6 27. a4 Ke7
28. b5 axb5 29. axb5 Ra3 30. bxc6 bxc6 31. Rxc6 Rxe3 32. Rc5 d4 33. Rc7+ Rd7
34. Rxd7+ Kxd7 35. Rxd4+ Ke7 36. Bc6 Rxg3 37. Rd7+ Kf8 38. Rd6 Re3 39. Rf6 Ke7
40. Rxf5 Bg6 0-1

[Event "Waikato Open 2016"]
[Site "Hamilton NZL"]
[Date "2016.07.31"]
[Round "5.7"]
[White "Picken, Oliver"]
[Black "Dolejs, Dan"]
[Result "1-0"]
[WhiteElo "1751"]
[BlackElo "1948"]
[PlyCount "99"]
[EventDate "2016.07.29"]

1. e4 c5 2. Nf3 Nc6 3. d4 cxd4 4. Nxd4 e5 5. Nb5 a6 6. Nd6+ Bxd6 7. Qxd6 Qf6 8.
Qxf6 Nxf6 9. Nc3 O-O 10. Bg5 Nd4 11. O-O-O b5 12. Bxf6 gxf6 13. Nd5 Kg7 14. c3
Ne6 15. f3 Ra7 16. Ne7 Nf4 17. Nf5+ Kh8 18. g3 Ne6 19. Rd6 Rc7 20. Be2 Bb7 21.
Rhd1 Bc6 22. Kc2 b4 23. c4 a5 24. h4 Rb8 25. Kd2 b3 26. a3 h5 27. Ke3 Kh7 28.
f4 exf4+ 29. gxf4 Re8 30. Bxh5 Nc5 31. Rxf6 Rxe4+ 32. Kd2 Rd4+ 33. Nxd4 Ne4+
34. Kd3 Nxf6 35. Bxf7 Be4+ 36. Ke2 d5 37. Be6 Rxc4 38. Rd2 a4 39. Nb5 Nh5 40.
Ke3 Rc2 41. Bxd5 Rxd2 42. Bxe4+ Kh6 43. Kxd2 Nf6 44. Bc6 Kh5 45. Nc3 Kxh4 46.
Nxa4 Kg4 47. Nc3 Kf5 48. Ke3 Ng4+ 49. Kf3 Nh6 50. Bd5 1-0

[Event "Waikato Open 2016"]
[Site "Hamilton NZL"]
[Date "2016.07.31"]
[Round "5.8"]
[White "Mistry, Prashant"]
[Black "Post, Martin J"]
[Result "1/2-1/2"]
[WhiteElo "1646"]
[BlackElo "1933"]
[PlyCount "102"]
[EventDate "2016.07.29"]

1. Nf3 d6 2. d4 g6 3. e4 Bg7 4. Bc4 c6 5. O-O Bg4 6. Bxf7+ Kf8 7. Bxg8 Rxg8 8.
h3 Bxf3 9. Qxf3+ Ke8 10. Qb3 Rf8 11. Qxb7 Nd7 12. c3 Qc8 13. Qxc8+ Rxc8 14. Na3
e5 15. Nc4 Ke7 16. Bg5+ Bf6 17. Bxf6+ Rxf6 18. Rad1 Rf4 19. f3 h5 20. Nxd6 Kxd6
21. dxe5+ Ke7 22. g3 Rff8 23. f4 Nc5 24. Rd4 Rcd8 25. Rc4 Ne6 26. Rxc6 Rd3 27.
f5 gxf5 28. exf5 Ng5 29. Rc7+ Kd8 30. Rxa7 Rxg3+ 31. Kh2 Rxh3+ 32. Kg2 Rd3 33.
Rf4 Rd2+ 34. Kg3 Rd3+ 35. Kg2 Rd2+ 36. Kf1 Rd5 37. f6 Ne6 38. Rf5 Nc7 39. Ra4
Kd7 40. Rc4 Ne6 41. Ke1 Rg8 42. Rxh5 Rg1+ 43. Kf2 Rdd1 44. Rh7+ Kd8 45. Re7
Rgf1+ 46. Kg2 Nf4+ 47. Kg3 Ng6 48. Rg7 Rg1+ 49. Kf2 Rgf1+ 50. Kg2 Rg1+ 51. Kh3
Rh1+ 1/2-1/2

[Event "Waikato Open 2016"]
[Site "Hamilton NZL"]
[Date "2016.07.31"]
[Round "5.9"]
[White "Ha, Huy Minh (Timothy)"]
[Black "Wagner, Stefan"]
[Result "1-0"]
[WhiteElo "1746"]
[BlackElo "1963"]
[PlyCount "91"]
[EventDate "2016.07.29"]

1. c4 Nf6 2. g3 g6 3. Bg2 Bg7 4. Nc3 c6 5. e4 d6 6. Nge2 O-O 7. O-O Nbd7 8. d3
e5 9. a3 a5 10. Kh1 Nc5 11. Na4 Ne6 12. Bd2 Nd7 13. b4 axb4 14. axb4 f5 15.
Nac3 Rxa1 16. Qxa1 Nf6 17. f3 Nc7 18. Be3 d5 19. Bb6 d4 20. Bxc7 Qxc7 21. Na4
b6 22. c5 b5 23. Qa2+ Kh8 24. Nb6 Nd7 25. Nxc8 Rxc8 26. Ra1 fxe4 27. fxe4 Rb8
28. Rf1 Nf6 29. Bh3 Qe7 30. Ra1 Qc7 31. Qb3 Qb7 32. Ra5 Ra8 33. Qa2 Rxa5 34.
Qxa5 h6 35. Nc1 Kh7 36. Nb3 Qf7 37. Nd2 Nh5 38. Kg2 Bf6 39. Qa3 Qb7 40. Qa2 Bg7
41. Nb3 Qf7 42. Qb2 Nf6 43. Na5 Qc7 44. Qb3 Ng8 45. Qe6 Ne7 46. Qd7 1-0

[Event "Waikato Open 2016"]
[Site "Hamilton NZL"]
[Date "2016.07.31"]
[Round "5.10"]
[White "Lynn, K William"]
[Black "Bennett, Hilton"]
[Result "0-1"]
[WhiteElo "1858"]
[BlackElo "2074"]
[PlyCount "104"]
[EventDate "2016.07.29"]

1. e4 d6 2. d4 e5 3. Nf3 Bg4 4. Bc4 Nc6 5. c3 Bxf3 6. Qxf3 Qf6 7. Qxf6 Nxf6 8.
d5 Ne7 9. Bd3 g6 10. O-O Bg7 11. Bg5 h6 12. Bd2 O-O 13. f4 exf4 14. Bxf4 Nd7
15. Nd2 Ne5 16. Be2 a6 17. Nf3 Nxf3+ 18. Bxf3 Rae8 19. Rae1 g5 20. Bg3 Ng6 21.
Bh5 Ne5 22. Rf5 Re7 23. h4 gxh4 24. Bxh4 Ree8 25. Ref1 Ng6 26. Bxg6 fxg6 27.
Rxf8+ Bxf8 28. Re1 Bg7 29. Re2 Be5 30. Be1 Rf8 31. a4 Kg7 32. Bd2 g5 33. Be3
Kg6 34. g4 Rf3 35. Ba7 Rg3+ 36. Rg2 Rd3 37. Rf2 Bf4 38. Kf1 Rd1+ 39. Kg2 h5 40.
gxh5+ Kxh5 41. Bd4 Kg4 42. Re2 Rd3 43. e5 dxe5 44. Bxe5 Rxd5 45. Bxf4 gxf4 46.
Kf2 Rh5 47. Kg1 Rh7 48. Rg2+ Kf3 49. Rg8 Rd7 50. Rg2 Ke3 51. b4 Rd1+ 52. Kh2
Rd2 0-1

[Event "Waikato Open 2016"]
[Site "Hamilton NZL"]
[Date "2016.07.31"]
[Round "5.11"]
[White "Nolan, Graham"]
[Black "Wright, Caleb"]
[Result "1-0"]
[WhiteElo "1968"]
[BlackElo "1951"]
[PlyCount "49"]
[EventDate "2016.07.29"]

1. e4 c5 2. Nf3 d6 3. d4 cxd4 4. Nxd4 Nf6 5. Nc3 g6 6. f4 Nbd7 7. Be2 Bg7 8.
O-O h5 9. Kh1 a6 10. Be3 Qc7 11. a4 b6 12. Bf3 Bb7 13. f5 Ne5 14. fxg6 Nxg6 15.
Nf5 Bf8 16. Qd4 Nd7 17. Rad1 Rc8 18. Rd2 Nge5 19. Be2 Rh7 20. Nd5 Bxd5 21. exd5
Nc4 22. Bd3 Nxd2 23. Bxd2 Nf6 24. Re1 Qc5 25. Qxf6 1-0

[Event "Waikato Open 2016"]
[Site "Hamilton NZL"]
[Date "2016.07.31"]
[Round "5.12"]
[White "Lourenco, Eva"]
[Black "Hothersall, Rik"]
[Result "0-1"]
[WhiteElo "1099"]
[BlackElo "1959"]
[PlyCount "102"]
[EventDate "2016.07.29"]

1. d4 Nf6 2. Bf4 g6 3. e3 Bg7 4. Nf3 O-O 5. Be2 d6 6. Nbd2 Nh5 7. Bg3 Nxg3 8.
hxg3 c5 9. c3 Bd7 10. Qb3 Nc6 11. Nc4 cxd4 12. exd4 Qc7 13. Bd3 Be8 14. O-O-O
b5 15. Qxb5 Nxd4 16. Qg5 Nxf3 17. gxf3 h6 18. Rxh6 Qc5 19. Qxc5 Bxh6+ 20. Qe3
Bxe3+ 21. fxe3 Bc6 22. f4 Kg7 23. e4 Bb5 24. b3 Rad8 25. Na3 Bxd3 26. Rxd3 Rh8
27. Kb2 Rh2+ 28. Nc2 Kf6 29. c4 e6 30. e5+ Ke7 31. a4 dxe5 32. Rxd8 Kxd8 33.
fxe5 Re2 34. c5 Rxe5 35. b4 Rd5 36. Kc3 a5 37. c6 axb4+ 38. Kxb4 Kc7 39. Kc4
Ra5 40. Kb4 Rd5 41. Kc4 Ra5 42. Kb4 Rg5 43. Nd4 Rxg3 44. Ka5 e5 45. Nb5+ Kxc6
46. Ka6 Rb3 47. Na7+ Kc7 48. Nb5+ Rxb5 49. axb5 Kb8 50. Kb6 e4 51. Kc5 e3 0-1